Città della Lacium - Morte improvvisa - Statistics

Statistiche generali
  • Questo quiz è stato fatto 137 volte
  • Il punteggio medio è 14 su 17
Answers on the Grid
Answers color-coded by a green-red scale on the quiz's grid according to % correct below.
Rieti
Roma
Salerno
Tivoli
Palermo
Viterbo
Terracina
Milano
Genoa
Vercelli
Velletri
Pompei
Anzio
Ardea
Lecco
Civitavecchia
Aprilia
Ferrara
Fondi
Frosinone
Bologna
Venezia
Como
Latina
Pomezia
Cittadella
Ladispoli
Nettuno
Reggio di Calabria
Guidonia Montecelio
 
Statistiche sulle risposte
Risposta % Corretto
Roma
98%
Rieti
97%
Tivoli
92%
Viterbo
92%
Latina
89%
Civitavecchia
86%
Frosinone
86%
Terracina
86%
Ladispoli
84%
Nettuno
84%
Anzio
81%
Aprilia
81%
Guidonia Montecelio
80%
Pomezia
80%
Velletri
80%
Ardea
75%
Fondi
75%
Nessun quiz corrispondente trovato
Distribuzione punteggi
Percentuale di utenti per punteggio
Percentile per numero di risposta
I tuoi punteggi nel tempo
Non hai fatto questo quiz